Luz Nur (Record no. 7592)

MARC details
000 -CABECERA
campo de control de longitud fija 01274nam a2200265 a 4500
001 - NÚMERO DE CONTROL
campo de control BRCA_7922
005 - FECHA Y HORA DE LA ÚLTIMA TRANSACCIÓN
campo de control 20190320210043.0
008 - DATOS DE LONGITUD FIJA--INFORMACIÓN GENERAL
campo de control de longitud fija 050314s2013----sp-ao##f##---#001-0#spa-#
020 ## - NÚMERO INTERNACIONAL ESTÁNDAR DEL LIBRO
Número Internacional Estándar del Libro 9788489895331
041 ## - CÓDIGO DE LENGUA
Código de lengua del texto/banda sonora o título independiente spa
044 ## - CÓDIGO DEL PAÍS DE LA ENTIDAD EDITORA/PRODUCTORA
Código MARC del país sp
050 #4 - SIGNATURA TOPOGRÁFICA DE LA BIBLIOTECA DEL CONGRESO
Número de clasificación NK2150
Número de documento/Ítem .K44 2013
100 1# - ENTRADA PRINCIPAL--NOMBRE DE PERSONA
Nombre de persona Khemir, Sabiha Al
9 (RLIN) 19595
245 10 - MENCIÓN DE TÍTULO
Título Luz Nur
Resto del título la luz en el arte y la ciencia del mundo islámico
Mención de responsabilidad, etc. Sabiha Al Khemir ; traducción María Luisa Balseiro.
260 ## - PUBLICACIÓN, DISTRIBUCIÓN, ETC.
Lugar de publicación, distribución, etc. Sevilla
Nombre del editor, distribuidor, etc. Fundación Focus Abengoa
Fecha de publicación, distribución, etc. 2013
300 ## - DESCRIPCIÓN FÍSICA
Extensión 301 p.
Otras características físicas il. a color
Dimensiones 32 cm.
500 ## - NOTA GENERAL
Nota general Incluye índice de obras
500 ## - NOTA GENERAL
Nota general Catálogo de la exposición realizada en la Fundación Focus-Abengoa (Sevilla), 26 octubre, 2013 - 9 febrero, 2014 y en Dallas Museum of Art (Dallas, Texas), 30 marzo - 29 junio, 2014
500 ## - NOTA GENERAL
Nota general Publicación editada con motivo de la exposición Nur: La luz en el arte y la ciencia del mundo islámico organizada por la Fundación Focus-Abengoa, Sevilla, España, en colaboración con el Dallas Museum of Art, Dallas, Texas, Estados Unidos
650 14 - PUNTO DE ACCESO ADICIONAL DE MATERIA--TÉRMINO DE MATERIA
Término de materia o nombre geográfico como elemento de entrada Decoración y ornamentación islámica
Subdivisión geográfica España
9 (RLIN) 19596
650 14 - PUNTO DE ACCESO ADICIONAL DE MATERIA--TÉRMINO DE MATERIA
Término de materia o nombre geográfico como elemento de entrada Arte islámico
Subdivisión geográfica España
9 (RLIN) 19597
650 14 - PUNTO DE ACCESO ADICIONAL DE MATERIA--TÉRMINO DE MATERIA
Término de materia o nombre geográfico como elemento de entrada Artes decorativas
Subdivisión geográfica España
9 (RLIN) 11687
700 1# - PUNTO DE ACCESO ADICIONAL--NOMBRE DE PERSONA
Nombre de persona Balseiro, María Luisa
Término indicativo de función/relación tr.
9 (RLIN) 1445
942 ## - ELEMENTOS DE PUNTO DE ACCESO ADICIONAL (KOHA)
Fuente del sistema de clasificación o colocación Library of Congress Classification
Tipo de ítem Koha Libros
Holdings
Estado de retiro Estado de pérdida Estado dañado No para préstamo Localización permanente Ubicación/localización actual Fecha de adquisición Total de préstamos Signatura topográfica completa Código de barras Fecha visto por última vez Precio válido a partir de Tipo de ítem Koha
El ejemplar forma parte de la colección y puede ser consultado según las políticas vigentes.       Biblioteca del Museo Franz Mayer (Rogerio Casas-Alatriste) Biblioteca del Museo Franz Mayer (Rogerio Casas-Alatriste) 05/03/2014   NK2150 .K44 2013 02776 22/03/2019 22/03/2019 Libros